| 000 | 01601nam a2200421 i 4500 | ||
|---|---|---|---|
| 001 | bg | ||
| 003 | BPK | ||
| 005 | 20210318132551.0 | ||
| 008 | 970510s1995 pl a f f |001 0 pol | ||
| 015 | _aPB 1995/6244 | ||
| 020 | _a8301118180 | ||
| 040 |
_aWA N _cBPk |
||
| 041 | 1 |
_apol _heng |
|
| 080 | _a519.8 | ||
| 080 | _a510.5 | ||
| 080 | _a004.021 | ||
| 080 | _a004.438 | ||
| 080 | _a(075.8) | ||
| 100 | 1 |
_aSysło, Maciej Marek _d(1945- ) _eAutor |
|
| 245 | 1 | 0 |
_aAlgorytmy optymalizacji dyskretnej z programami w języku Pascal / _cMaciej M. Sysło, Narsingh Deo, Janusz S. Kowalik ; [z ang. tł. Marek Kubale, Jerzy Kucharczyk, M. M. Sysło]. |
| 246 | 1 |
_iTyt. oryg.: _aDiscrete optimization algorithms with Pascal programs, _f1983. |
|
| 250 | _aWyd. 2 [uzup.]. | ||
| 260 |
_aWarszawa : _bWydaw. Naukowe PWN, _c1995. |
||
| 300 |
_a443, [1] s. : _brys., wykr. ; _c24 cm _eDyskietka. |
||
| 504 | _aBibliogr. przy rozdz. - Indeks. | ||
| 650 | 4 | _aPASCAL (język programowania) | |
| 650 | 4 | _aAlgorytmy | |
| 650 | 4 | _aOptymalizacja | |
| 655 | 4 | _aPodręczniki akademickie | |
| 658 | _aInformatyka i technologie informacyjne | ||
| 700 | 1 |
_aKubale, Marek _d(1946- ) _eTłumaczenie |
|
| 700 | 1 |
_aDeo, Narsingh _d(1936- ) _eAutor |
|
| 700 | 1 |
_aKowalik, Janusz Szczęsny _d(1934-) _eAutor |
|
| 700 | 1 |
_aKucharczyk, Jerzy _c (informatyk) _eTłumaczenie |
|
| 710 | 2 |
_aWydawnictwo Naukowe PWN _4pbl. |
|
| 856 |
_uhttp://koha.tu.koszalin.pl/cgi-bin/koha/opac-detail.pl?biblionumber=24462 _yKatalog online BPK |
||
| 942 |
_2UKD _cKS |
||
| 999 |
_c24462 _d24462 |
||